| 000 | 01196nam a2200253 i 4500 | ||
|---|---|---|---|
| 001 | 153523 | ||
| 003 | ES-MaACL | ||
| 005 | 20250804062622.0 | ||
| 008 | 991203s1897 sp |||| | spa d | ||
| 245 | 0 | 0 | _aDiscursos leídos ante la Real Academia Española en la recepción pública de ... José María de Pereda el domingo 21 de febrero de 1897. |
| 260 |
_aMadrid : _b[s.n.], _c1897 ( _fEstab. Tip. de la Viuda e Hijos de Tello) |
||
| 300 |
_a49 p. ; _c27 cm. |
||
| 530 | _aDisponible en formato digital. | ||
| 594 | _aRecoge el discurso de recepción de José María de Pereda y contestación de Benito Pérez Galdós. | ||
| 594 | _aTít. del discurso: La novela regional. | ||
| 650 | 4 |
_aRegionalismo- _xEn la literatura. _9169900 |
|
| 700 | 1 |
_aPereda, José María de, _d1833-1906 _990447 |
|
| 700 | 1 |
_aPérez Galdós, Benito, _d1843-1920 _990871 |
|
| 710 | 2 |
_aReal Academia Española _96336 |
|
| 752 |
_aEspaña - _dMadrid |
||
| 852 |
_aES-MaACL _jF-M-III-F(10) _z- Enc. pasta española, conservando cub. original _z- Enc. en un vol. facticio |
||
| 856 |
_uhttp://bdh-rd.bne.es/viewer.vm?id=0000204354&page=1 _zBiblioteca Digital Hispánica |
||
| 999 |
_c153523 _d153523 |
||